The secret agent : (Record no. 174446)

000 -LEADER
fixed length control field 01464cam a2200361 a 4500
001 - CONTROL NUMBER
control field 13523814
003 - CONTROL NUMBER IDENTIFIER
control field Nust
005 - DATE AND TIME OF LATEST TRANSACTION
control field 20170126105705.0
008 - FIXED-LENGTH DATA ELEMENTS--GENERAL INFORMATION
fixed length control field 040315r20041907enk b 000 1 eng
010 ## - LIBRARY OF CONGRESS CONTROL NUMBER
LC control number 2004266345
020 ## - INTERNATIONAL STANDARD BOOK NUMBER
International Standard Book Number 1853260657
040 ## - CATALOGING SOURCE
Original cataloging agency DLC
Transcribing agency DLC
Modifying agency DLC
043 ## - GEOGRAPHIC AREA CODE
Geographic area code e-uk-en
050 00 - LIBRARY OF CONGRESS CALL NUMBER
Classification number PR6005.O4
Item number S4 2004b
082 00 - DEWEY DECIMAL CLASSIFICATION NUMBER
Classification number 823.912
Author Mark CON
100 1# - MAIN ENTRY--PERSONAL NAME
Personal name Conrad, Joseph,
Dates associated with a name 1857-1924.
245 14 - TITLE STATEMENT
Title The secret agent :
Remainder of title a simple tale /
Statement of responsibility, etc. Joseph Conrad ; edited with an introduction and notes by John Lyon.
250 ## - EDITION STATEMENT
Edition statement New ed.
260 ## - PUBLICATION, DISTRIBUTION, ETC.
Place of publication, distribution, etc. Oxford ;
-- New York :
Name of publisher, distributor, etc. Oxford University Press,
Date of publication, distribution, etc. 2012.
300 ## - PHYSICAL DESCRIPTION
Extent liv, 224 p. ;
Dimensions 20 cm.
490 1# - SERIES STATEMENT
Series statement Oxford world's classics
504 ## - BIBLIOGRAPHY, ETC. NOTE
Bibliography, etc. note Includes bibliographical references (p. xliii-xlvi).
650 #0 - SUBJECT ADDED ENTRY--TOPICAL TERM
Topical term or geographic name entry element Conspiracies
Form subdivision Fiction.
650 #0 - SUBJECT ADDED ENTRY--TOPICAL TERM
Topical term or geographic name entry element Anarchists
Form subdivision Fiction.
650 #0 - SUBJECT ADDED ENTRY--TOPICAL TERM
Topical term or geographic name entry element Bombings
Form subdivision Fiction.
651 #0 - SUBJECT ADDED ENTRY--GEOGRAPHIC NAME
Geographic name London (England)
Form subdivision Fiction.
655 #0 - INDEX TERM--GENRE/FORM
Genre/form data or focus term Political fiction.
Source of term lcsh
700 1# - ADDED ENTRY--PERSONAL NAME
Personal name Lyon, John,
Dates associated with a name 1956-
830 #0 - SERIES ADDED ENTRY--UNIFORM TITLE
Uniform title Oxford world's classics (Oxford University Press)
856 42 - ELECTRONIC LOCATION AND ACCESS
Materials specified Publisher description
Uniform Resource Identifier <a href="http://www.loc.gov/catdir/enhancements/fy0620/2004266345-d.html">http://www.loc.gov/catdir/enhancements/fy0620/2004266345-d.html</a>
856 42 - ELECTRONIC LOCATION AND ACCESS
Materials specified Contributor biographical information
Uniform Resource Identifier <a href="http://www.loc.gov/catdir/enhancements/fy0724/2004266345-b.html">http://www.loc.gov/catdir/enhancements/fy0724/2004266345-b.html</a>
906 ## - LOCAL DATA ELEMENT F, LDF (RLIN)
a 7
b cbc
c origcop
d 2
e ncip
f 20
g y-gencatlg
942 ## - ADDED ENTRY ELEMENTS (KOHA)
Source of classification or shelving scheme
Koha item type Book
Holdings
Withdrawn status Lost status Source of classification or shelving scheme Damaged status Not for loan Permanent Location Current Location Shelving location Date acquired Total Checkouts Total Renewals Full call number Barcode Date last seen Date last checked out Copy number Price effective from Koha item type Checked out
          Central Library (CL) Central Library (CL) Fiction 01/26/2017 2 2 823 CON CL787 04/15/2023 12/12/2018 1 01/26/2017 Book  
          Central Library (CL) Central Library (CL) Fiction 07/30/2018 1 3 823 CON CL788 05/31/2024 05/28/2019 2 07/30/2018 Book  
          Central Library (CL) Central Library (CL) Fiction 07/30/2018   3 823.912 CON CL1749 07/30/2018   3 07/30/2018 Book 03/23/2020
© 2023 Central Library, National University of Sciences and Technology. All Rights Reserved.